000 00818nas a2200253 i 4500
003 DO-SdBNP
005 20251217111557.0
007 ta
008 250930e2015 dr du|p|r||||||0| | spa d
040 _aDO-SdBNP
_bspa
_cBNPHU
_erda
041 _aspa
245 _aMetro /
_cHomero Figueroa, director.
264 _aSanto Domingo, República Dominicana :
_bMetro,
_c2015.
300 _avolumen :
_bilustraciones, fotografías ;
_c32 cm.
310 _aDiario.
336 _atexto
_btxt
_2rdacontent
337 _asin mediación
_bn
_2rdamedia
338 _avolumen
_bnc
_2rdacarrier
362 _aSeptiembre 2015.
500 _aMetro RD, es un diario de Metro Internacional.
650 0 _aDiarios dominicanos
_91041
_vPublicaciones periódicas
700 _aFigueroa, Homero
_972312
_edirector
942 _2ddc
_cISSUE
999 _c59904
_d59904